000 00980nam a2200289Ia 4500
003 OSt
005 20221007121000.0
006 a|||||r|||| 00| 0
007 ta
008 221006b |||||||| |||| 00| 0 eng d
020 _a9783540892298 (hbd)
024 _a84726
037 _b058, 18/08/2009, N R Book Distributors
_cTextbook
040 _aBDL
_cBDL
_beng
041 _2eng
_aeng
082 _aI:5-3, P9 Carb
100 _aBaluska Frantisek Ed.
_9710397
245 0 _aPlant-environment interactions from sensory plant biology to active plant behavior
260 _aBerlin
_bSpringer
_c2009
300 _ax, 308p.
_ccm.
490 _aSignaling and communication in plants
500 _aIncludes bibliographical references.; Index 303-308p.
650 _a Envionment-plant
_9710398
650 _aBotany
942 _hI:5-3, P9 Carb
_cTB
_2CC
999 _c1208274
_d1208274